Hey Stephen (Taylor's Version) Lyrics - Statistics

General Stats
  • This quiz has been taken 4 times
  • The average score is 340 of 411
Answer Stats
Answer % Correct
a
100%
an
100%
be
100%
But
100%
can
100%
can't
100%
Can't
100%
feel
100%
Ha
100%
have
100%
Hey
100%
I
100%
if
100%
in
100%
it
100%
kiss
100%
know
100%
like
100%
look
100%
looks
100%
me
100%
my
100%
no
100%
on
100%
one
100%
saw
100%
the
100%
The
100%
there
100%
there's
100%
to
100%
wanna
100%
when
100%
you
100%
all
75%
All
75%
alone
75%
And
75%
and
75%
angel
75%
are
75%
aren't
75%
as
75%
at
75%
back
75%
been
75%
boy
75%
'Cause
75%
Come
75%
come
75%
could
75%
deceivin'
75%
didn't
75%
do
75%
don't
75%
else
75%
feelin'
75%
for
75%
girls
75%
give
75%
got
75%
help
75%
I'll
75%
I'm
75%
it's
75%
It's
75%
I've
75%
light
75%
magic
75%
met
75%
Mmm
75%
mmm
75%
myself
75%
now
75%
Of
75%
Oh
75%
oh
75%
out
75%
rain
75%
say
75%
seen
75%
since
75%
so
75%
So
75%
some
75%
Stephen
75%
they
75%
think
75%
this
75%
those
75%
thought
75%
wanted
75%
we
75%
well
75%
were
75%
why
75%
Why
75%
would
75%
yeah
75%
your
75%
You're
75%
always
50%
beautiful
50%
believin'
50%
change
50%
choose
50%
cold
50%
dimming
50%
even
50%
ever
50%
fifty
50%
half
50%
here
50%
holdin'
50%
huh
50%
leavin'
50%
lights
50%
might
50%
name
50%
near
50%
never
50%
nobody
50%
other
50%
people
50%
perfect
50%
pull
50%
reasons
50%
rocks
50%
same
50%
shine
50%
should
50%
song
50%
stay
50%
street
50%
talk
50%
talkin'
50%
They're
50%
they're
50%
things
50%
tonight
50%
tossing
50%
waitin'
50%
waiting
50%
walk
50%
walked
50%
way
50%
window
50%
wonderful
50%
write
50%
No matching quizzes found
Score Distribution
Percent of People with Each Score
Percentile by Number Answered
Your Score History
You have not taken this quiz